000 00756cam a22002533a 4500
001 12821
003 PGUSA
005 20140828083258.0
008 040705s2004||||xxu|||||s|||||000 1 eng d
040 _aPGUSA
_beng
042 _adc
050 4 _aPR
100 1 _aMoore, George,
_d1852-1933
245 1 4 _aThe Brook Kerith :
_bA Syrian story
_h[electronic resource] /
_cGeorge Moore
260 _bProject Gutenberg,
_c2004
506 _aPublic domain in the USA.
516 _aElectronic text
653 _aJesus Christ -- Fiction
653 _aBiographical fiction
653 _aBible. New Testament -- History of Biblical events -- Fiction
830 0 _aProject Gutenberg
_v12821
856 4 0 _uhttp://www.gutenberg.org/ebooks/12821
942 _cEB
999 _c242076
_d242076